Statistics for Generator Puzzle (13-Letters) #4

Click here to take the quiz!

General Stats

  • This quiz has been taken 61 times
  • The average score is 13 of 21

Answer Stats

Hint Answer % Correct
Month of the yearApril
88%
Surgeon's clientPatient
86%
ArtistPainter
84%
Gasoline, in the UKPetrol
84%
Disney MermaidAriel
84%
Body artTattoo
80%
LavatoryToilet
78%
Naples, to an ItalianNapoli
78%
Canadian provinceOntario
76%
Surgical procedureOperation
73%
EverlastingEternal
73%
Worldwide policeInterpol
67%
Stag's weaponAntler
65%
Not obligatoryOptional
63%
Marine buccaneerPirate
61%
Gained knowledgeLearnt
53%
13-Letter WordTELEPORTATION
47%
Artist's paintboardPalette
33%
1986 Oliver Stone filmPlatoon
29%
Impala, kudu, eg.Antelope
27%
Artist's workplaceAtelier
16%

Score Distribution

Percentile by Number Answered

Percent of People with Each Score

Your Score History

You have not taken this quiz